000 00554nam a2200181Ia 4500
003 IN-BaIIA
008 211028s9999 xx 000 0 eng d
040 _cIIA Library
080 _a621.3.04
_bSTE
100 _aStern, Lothar
_95891
245 0 _aFundamentals of integrated circuits
_cLothar Stern
260 _aNew York
_bHayden Book
_c1968
300 _ax, 198p.
490 _aMotorola series in solid-state electronics
650 _aIntegrated circuits
_93314
650 _aNASA Thesaurus
942 _cBK
999 _c3311
_d3311